000 00747pam a2200241 a 4500
008
020 _a0198596774 (pbk.)
049 _aMAIN
090 _aQA372
100 1 _aWood, W. L.
245 1 0 _aPractical time-stepping schemes /
_cW.L. Wood.
260 _aOxford [England] :
_bClarendon Press,
_c1990.
300 _aix, 373 p. :
_bill. ;
_c22 cm.
440 0 _aOxford applied mathematics and computing science series
500 _aIncludes index.
504 _aIncludes bibliographical references.
650 0 _aDifferential equations
_xNumerical solutions.
907 _a.b10047682
_b05-09-05
_c17-04-03
003
005 20230123133220.0
040 _cNUST
942 _cBOOKS
_kQA372
999 _c144728
_d144728